Gaming Quiz

Random Gaming Quiz

Need for Speed Hot Pursiut 2010 Cars Quiz Stats

 Plays Quiz not verified by Sporcle

Also try: Monopoly States
Challenge
Share
Tweet
Embed
Score 0/69 Timer 10:00
0 Plays Today
Car Car model % Correct
FordGT
92.5%
ChevroletCorvette Z06
90%
ChevroletCorvette Grand Sport
87.5%
ChevroletCorvette ZR1
87.5%
PaganiZonda Cinque
87.5%
Porsche911 GT3 RS
87.5%
Porsche911 Tagra 4S
87.5%
Porsche911 Turbo S
87.5%
BMWM3 E92
85%
BugattiVeyron 16.4
85%
BugattiVeyron 16.4 Grand Sport
85%
NissanGTR SpecV
85%
AudiR8 Coupe
82.5%
AudiR8 Spyder
82.5%
DodgeChallenger
82.5%
KoenigseggAgera
82.5%
McLarenF1
82.5%
PaganiZonda Cinque Roadster
82.5%
Alfa Romeo8C Compitizione
80%
Alfa Romeo8C Spyder
80%
BentleyContinental Supersports Convertible
80%
DodgeViper-SRT-10 ACR
80%
KoenigseggCCX
80%
Lamborghini Gallardo LP550-2
80%
Lamborghini Gallardo LP560-4
80%
Lamborghini Gallardo Spyder
80%
Lamborghini Gallardo Superleggera
80%
MazdaRX-8
80%
DodgeCharger
77.5%
DodgeSRT-10 Convertible
77.5%
Lamborghini Murcielago LP640
77.5%
MaseratiGranTurismo
77.5%
Nissan370Z
77.5%
BentleyContinental Supersports Coupe
75%
ChevroletCamaro
75%
Car Car model % Correct
Ford (Police car)Crown Victoria
75%
JaguarXKR
75%
Nissan370Z Roadster
75%
SubaruImpreza WRX STI
75%
Lamborghini Murcielago Roadster
72.5%
Lamborghini Murcielago LP670-4 SV
72.5%
McLarenMP4-12C
72.5%
MitsubishiLancer Evolution X
72.5%
Aston MartinOne-77
67.5%
KoenigseggCCXR
67.5%
PorscheCayman S
67.5%
BMWZ4 sDrive35is
65%
Aston MartinV12 Vantage
65%
AudiTT RS
62.5%
BMWM6
62.5%
Lamborghini Reventon
62.5%
Mercedes-BenzSLS AMG
62.5%
PorscheCarrera GT
62.5%
Aston MartinDBS
60%
Lamborghini Reventon Roadster
60%
Mercedes-BenzSL65 AMG
57.5%
Aston MartinDBS Volante
55%
Mercedes-BenzSLR-McLaren 722 Editon
55%
Mercedes-BenzSLR-McLaren Stirling Moss
55%
Porsche918 Spyder
55%
FordShelby Mustang GT500
52.5%
MaseratiGranCabrio
52.5%
FordShelby Mustang GT500 Super Snake
50%
PorschePanamera Turbo
50%
Ford (Police car)Taurus SHO
42.5%
Carbon Motors (Police car)E7
40%
PorscheBoxter
37.5%
MaseratiQuattroporte Sport GT S
32.5%
DodgeViper-SRT-10
27.5%

You're not logged in!

Compare scores with friends on all Sporcle quizzes.
Join for Free
OR
Log In

You Might Also Like...

Show Comments

Extras

Created Aug 5, 2016ReportFavoriteNominate
Tags:2010, car, hot, model, NFS, speed

Top Quizzes Today


Score Distribution

Your Account Isn't Verified!

In order to create a playlist on Sporcle, you need to verify the email address you used during registration. Go to your Sporcle Settings to finish the process.

Report this User

Report this user for behavior that violates our Community Guidelines.

Details: